| 000 | nam a22 7a 4500 | ||
|---|---|---|---|
| 999 |
_c328486 _d328486 |
||
| 003 | Nust | ||
| 005 | 20170410103632.0 | ||
| 008 | 170410b xxu||||| |||| 00| 0 eng d | ||
| 040 | _c0 | ||
| 082 | _a363.3 KRE | ||
| 245 |
_aManaging Natural Disasters and The Environment: _bSelected Materials from the colloquium on the environment and natural disaster management _cEdited by Alcira Kreimer and Mohan Munasinghe |
||
| 260 |
_aWashington D.C _bThe World Bank _c1991 |
||
| 300 |
_a215p. _bP.B |
||
| 500 | _aP.B | ||
| 942 |
_2ddc _cBK _k363.3 KRE |
||